| 000 | 00997nam a22002535i 4500 | ||
|---|---|---|---|
| 001 | 161533 | ||
| 003 | ES-MaACL | ||
| 005 | 20230906212315.0 | ||
| 008 | 041020q18991910fr |||| | fre d | ||
| 040 |
_aCAM _bspa _cCAM |
||
| 100 | 1 |
_aPater, Walter. _989556 |
|
| 245 | 1 | 0 |
_aPortraits imaginaires / _cWalter Pater; traduction de Georges Khnopff; introduction d'Arthur Symons. |
| 250 | _a2e éd. | ||
| 260 |
_aParis : _bSociété du Mercure de France, _c[s.a.] ( _eBeauvais : _fImprimerie Professionnelle) |
||
| 300 |
_a247 p. ; _c18 cm. |
||
| 490 | 1 | _aCollection d'auteurs étrangers | |
| 596 | _aEl Catálogo Colectivo de Francia fecha esta ed. ca. 1899. | ||
| 596 | _aEn la contracub. original consta como imp.: Paris : Imp. C. Renaudie. | ||
| 700 | 1 | 1 |
_aKhnopff, Georges, _etrad. _967993 |
| 700 | 1 | 1 |
_aSymons, Arthur, _epr. _9108972 |
| 830 | 0 |
_aCollection d'auteurs étrangers _9183465 |
|
| 852 |
_aES-MaACL _jD-1394 _z-- Enc. hol. conservando la cub. original |
||
| 999 |
_c161533 _d161533 |
||